Entretiens avec Bergson

Uloženo v:
Podrobná bibliografie
Hlavní autor: Chevalier, Jacques
Médium: Kniha
Jazyk:Undetermined
Vydáno: París, Francia Plon 1959
Témata:
Tagy: Přidat tag
Žádné tagy, Buďte první, kdo vytvoří štítek k tomuto záznamu!

MARC

LEADER 00000nam a2200000Ia 4500
008 170316s9999 xx 000 0 und d
040 |a cru BVZT 
090 |a 840 Ch-4e 
100 |a Chevalier, Jacques 
245 |a Entretiens avec Bergson 
260 |a París, Francia 
260 |b Plon 
260 |c 1959 
300 |a 314 5 páginas 
650 |a LITERATURA FRANCESA 
999 |c 7626  |d 7626 
942 |c 15 D  |h 840 Ch-4e  |2 z